Coldplay Songs (Updated January 2026) - Statistics

General Stats
  • This quiz has been taken 245 times
    86 since last reset
  • The average score is 36 of 135
Answer Stats
Album # Answer % Correct
Parachutes 5 Yellow
96%
Viva La Vida or Death and All His Friends 7 Viva La Vida
95%
A Rush of Blood to the Head 5 Clocks
80%
A Rush of Blood to the Head 4 The Scientist
77%
Mylo Xyloto 3 Paradise
72%
Ghost Stories 8 A Sky Full of Stars
69%
X&Y 4 Fix You
68%
Parachutes 7 Parachutes
59%
Parachutes 4 Sparks
58%
A Head Full of Dreams 5 Adventure of a Lifetime
57%
X&Y 6 X&Y
55%
Music of the Spheres 10 My Universe (with BTS)
53%
A Head Full of Dreams 1 A Head Full of Dreams
51%
A Rush of Blood to the Head 10 A Rush of Blood to the Head
51%
A Head Full of Dreams 3 Hymn for the Weekend
50%
Mylo Xyloto 4 Charlie Brown
47%
Mylo Xyloto 1 Mylo Xyloto
47%
Ghost Stories 9 O
46%
Ghost Stories 2 Magic
45%
X&Y 7 Speed of Sound
45%
Everyday Life 16 Everyday Life
43%
Moon Music 1 Moon Music
41%
Moon Music 11 Moon Music (Elodie)
41%
Parachutes 6 Trouble
41%
Viva La Vida or Death and All His Friends 10 Death and All His Friends
39%
Viva La Vida or Death and All His Friends 8 Violet Hill
39%
Music of the Spheres 2 Higher Power
38%
A Rush of Blood to the Head 2 In My Place
38%
Mylo Xyloto 10 Princess of China
38%
Music of the Spheres 1 Music of the Spheres
36%
Parachutes 1 Don't Panic
35%
Viva La Vida or Death and All His Friends 1 Life in Technicolor
35%
A Rush of Blood to the Head 1 Politik
35%
A Head Full of Dreams 4 Everglow
34%
Mylo Xyloto 7 Every Teardrop is a Waterfall
34%
A Head Full of Dreams 11 Up&Up
34%
A Rush of Blood to the Head 11 Amsterdam
31%
Parachutes 2 Shiver
31%
Parachutes 3 Spies
31%
Viva La Vida or Death and All His Friends 9 Strawberry Swing
31%
A Rush of Blood to the Head 3 God Put a Smile upon Your Face
30%
A Rush of Blood to the Head 7 Green Eyes
30%
X&Y 5 Talk
30%
Viva La Vida or Death and All His Friends 4 42
27%
Moon Music 12 feelslikeimfallinginlive
27%
Moon Music 2 feelslikeimfallinginlove
27%
X&Y 13 Til Kingdom Come
27%
Ghost Stories 3 Ink
26%
Ghost Stories 5 Midnight
26%
X&Y 10 The Hardest Part
26%
Moon Music 9 All My Love
24%
Moon Music 19 All My Love (Live in Dublin)
24%
Music of the Spheres 12 Coloratura
24%
Parachutes 10 Everything's Not Lost
24%
Mylo Xyloto 2 Hurts Like Heaven
24%
Viva La Vida or Death and All His Friends 3 Lost!
24%
Viva La Vida (Prospekt's March Edition) 16 Lost+ (with Jay-Z)
24%
Viva La Vida or Death and All His Friends 5 Lovers in Japan
24%
Viva La Vida (Prospekt's March Edition) 17 Lovers in Japan (Osaka Sun Mix)
24%
Everyday Life 10 Orphans
24%
Music of the Spheres 7 People of the Pride
24%
X&Y 1 Square One
24%
Moon Music 3 We Pray
24%
Moon Music 14 We Pray (Be Our Guest)
24%
A Rush of Blood to the Head 6 Daylight
23%
Music of the Spheres 5 Let Somebody Go (with Selena Gomez)
23%
X&Y 11 Swallowed in the Sea
23%
A Rush of Blood to the Head 8 Warning Sign
23%
X&Y 3 White Shadows
23%
Viva La Vida or Death and All His Friends 6 Yes
23%
Mylo Xyloto 8 Major Minus
22%
X&Y 8 A Message
20%
Music of the Spheres 8 Biutyful
20%
Viva La Vida or Death and All His Friends 2 Cemeteries of London
20%
Parachutes 8 High Speed
20%
Viva La Vida (Prospekt's March Edition) 11 Life in Technicolor II
20%
X&Y 9 Low
20%
A Rush of Blood to the Head 9 A Whisper
19%
Viva La Vida (Prospekt's March Edition) 15 Prospekt's March / Poppyfields
19%
X&Y 2 What If
19%
Ghost Stories 6 Another's Arms
18%
Everyday Life 5 Daddy
18%
Music of the Spheres 11 Infinity Sign
18%
X&Y 12 Twisted Logic
18%
Mylo Xyloto 11 Up in Flames
18%
Mylo Xyloto 14 Up with the Birds
18%
Mylo Xyloto 5 Us Against the World
18%
Parachutes 9 We Never Change
18%
Ghost Stories 1 Always in My Head
16%
Everyday Life 7 Arabesque
16%
Music of the Spheres 3 Humankind
16%
Moon Music 4 | 16 Jupiter
16%
A Head Full of Dreams 7 Kaleidoscope
16%
Ghost Stories 7 Oceans
16%
Ghost Stories 4 True Love
16%
Everyday Life 12 Cry Cry Cry
15%
A Head Full of Dreams 6 Fun (ft. Tove Lo)
15%
Viva La Vida (Prospekt's March Edition) 13 Glass of Water
15%
Moon Music 7 IAAM
15%
Mylo Xyloto 9 U.F.O.
15%
A Head Full of Dreams 9 Amazing Day
14%
A Head Full of Dreams 2 Birds
14%
Everyday Life 15 Champion of the World
14%
Mylo Xyloto 13 Don't Let It Break Your Heart
14%
Everyday Life 11 Èkó
14%
Everyday Life 9 Guns
14%
Music of the Spheres 6 Human Heart (with We Are King and Jacob Collier)
14%
Mylo Xyloto 6 M.M.I.X.
14%
Viva La Vida (Prospekt's March Edition) 14 Rainy Day
14%
Everyday Life 1 Sunrise
14%
Everyday Life 3 Trouble in Town
14%
Music of the Spheres 4 Alien Choir
12%
A Head Full of Dreams 8 Army of One
12%
A Head Full of Dreams 10 Colour Spectrum
12%
Parachutes 11 Life is for Living
12%
Music of the Spheres 9 Music of the Spheres II
12%
Moon Music 13 The Karate Kid
12%
Everyday Life 2 Church
11%
Moon Music 5 Good Feelings
11%
Viva La Vida (Prospekt's March Edition) 18 Now My Feet Won't Touch the Ground
11%
Moon Music 10 One World
11%
Viva La Vida (Prospekt's March Edition) 12 Postcards from Far Away
11%
Everyday Life 4 BrokEn
9%
Everyday Life 13 Old Friends
9%
Everyday Life 14 بنی آدم
8%
Moon Music 8 Aeterna
8%
Moon Music 6 Alien Hits / Alien Radio
8%
Moon Music 15 Angelsong
8%
Moon Music 18 I Am a Mountain
8%
Everyday Life 8 When I Need a Friend
8%
Everyday Life 6 WOTW / POTP
8%
Moon Music 17 Man in the Moon
7%
Moon Music 20 A Wave
5%
Mylo Xyloto 12 A Hopefull Transmission
4%
No matching quizzes found
Score Distribution
Percent of People with Each Score
Percentile by Number Answered
Your Score History
You have not taken this quiz since the last reset